MANAGING THE CUSTOMER EXPERIENCE TURNING (Record no. 12982)

MARC details
000 -LEADER
fixed length control field 00330nam a2200133Ia 4500
008 - FIXED-LENGTH DATA ELEMENTS--GENERAL INFORMATION
fixed length control field 240624s9999 xx 000 0 und d
041 ## - LANGUAGE CODE
Language code of text/sound track or separate title eng
082 ## - DEWEY DECIMAL CLASSIFICATION NUMBER
Classification number 658 SCH
100 ## - MAIN ENTRY--PERSONAL NAME
Personal name SMITH SHAUN
245 ## - TITLE STATEMENT
Title MANAGING THE CUSTOMER EXPERIENCE TURNING
260 ## - PUBLICATION, DISTRIBUTION, ETC.
Date of publication, distribution, etc. 2002
Name of publisher, distributor, etc. Financial Times/Prentice
300 ## - PHYSICAL DESCRIPTION
Extent 272 : p.
365 ## - TRADE PRICE
Currency code
Price amount 30
Holdings
Withdrawn status Lost status Damaged status Not for loan Home library Current library Shelving location Date acquired Source of acquisition Cost, normal purchase price Full call number Barcode Date last seen Copy number Price effective from Koha item type
        IMTN IMTN Rack 21-B 04/02/2009 BWE 39.50 658 SCH 12982 06/24/2024 51.9 06/24/2024 Books
Designed & Maintained by: LRC IMT Nagpur Contact: lrc@imtnag.ac.in© 2024. All Rights Reserved.